000 00581nam a2200241Ia 4500
003 OSt
005 20221005133205.0
006 a|||||r|||| 00| 0
007 ta
008 221004b |||||||| |||| 00| 0 tam d
024 _a46769
037 _cTextual
040 _aCRL
_cCRL
_btam
041 _2tam
_atam
082 _aO31,1M82:g, J3
100 _aArasu
_9632273
245 0 _aVrimuikkaviqyar
260 _c1953
650 _a TAMIL POETRY
650 _aTAMIL LITERATURE
942 _hO31,1M82:g, J3
_cTEXL
_2cc
999 _c1066050
_d1066050